Nisāʼ al-ākharīn (Record no. 45476)

MARC details
000 -LEADER
fixed length control field 00659cam a22002291 4500
001 - CONTROL NUMBER
control field ne 63000164
003 - CONTROL NUMBER IDENTIFIER
control field DLC
005 - DATE AND TIME OF LATEST TRANSACTION
control field 20260227111740.0
008 - FIXED-LENGTH DATA ELEMENTS--GENERAL INFORMATION
fixed length control field 900629s1962 ua a 000 1 ararc
010 ## - LIBRARY OF CONGRESS CONTROL NUMBER
LC control number ne 63000164
025 ## - OVERSEAS ACQUISITION NUMBER
Overseas acquisition number PL480:UAR-1425
035 ## - SYSTEM CONTROL NUMBER
System control number (OCoLC)21947924
040 ## - CATALOGING SOURCE
Original cataloging agency Princeton Univ. Libr.
Transcribing agency WaU
Modifying agency DLC
042 ## - AUTHENTICATION CODE
Authentication code premarc
050 00 - LIBRARY OF CONGRESS CALL NUMBER
Classification number PJ7826.H83
Item number N5
100 1# - MAIN ENTRY--PERSONAL NAME
Personal name Ghurāb, Amīn Yūsuf.
245 10 - TITLE STATEMENT
Title Nisāʼ al-ākharīn
Statement of responsibility, etc. [taʼlīf] Amīn Yūsuf Ghurāb.
260 ## - PUBLICATION, DISTRIBUTION, ETC.
Place of publication, distribution, etc. [al-Qāhirah]
Name of publisher, distributor, etc. Muʼassasat Rūz al-Yūsuf
Date of publication, distribution, etc. [1962]
300 ## - PHYSICAL DESCRIPTION
Extent 164 p.
Other physical details illus.
Dimensions 20 cm.
490 0# - SERIES STATEMENT
Series statement Kitāb al-dhahabī,
Volume/sequential designation 98
500 ## - GENERAL NOTE
General note Short stories.

No items available.

Powered by Koha